Znižovanie rizík podnikania pomocou rôznych produktov poistenia bakalárska práca

Na minha lista:
Detalhes bibliográficos
Autor principal: Parobeková, Veronika
Autor Corporativo: Národohospodárska fakulta EU. Katedra poisťovníctva
Outros Autores: Snopková, Andrea, 1987-
Formato: Livro
Idioma:eslovaco
Publicado em: Bratislava 2025
Tags: Adicionar Tag
Sem tags, seja o primeiro a adicionar uma tag!

MARC

LEADER 00000nbm a2200000 4500
001 0309331
005 20251021132919.5
041 0 |a slo 
044 |a SK 
245 1 0 |a Znižovanie rizík podnikania pomocou rôznych produktov poistenia  |b bakalárska práca  |c Veronika Parobeková ; školiteľ: Andrea Snopková 
264 1 |a Bratislava  |c 2025 
300 |a 47 s. 
100 1 |a Parobeková, Veronika 
700 1 |a Snopková, Andrea, 1987- 
710 2 |a Národohospodárska fakulta EU. Katedra poisťovníctva